Standard plumbing engineering design /

Bibliographic Details
Main Author: Nielsen, Louis S.
Format: Book
Language:English
Published: New York : McGraw-Hill, [1982]
Edition:2nd ed.
Subjects:

MARC

Tag First Indicator Second Indicator Subfields
LEADER 00000pam a2200000 a 4500
001 in00000079813
005 20151008054017.0
008 810309s1982 nyua 00110 eng
010 |a  81002451  
020 |a 007046541X :  |c $27.50 
035 |a (OCoLC)07277924 
035 |9 AAH9348AM 
039 0 |a 2  |b 3  |c 3  |d 3  |e 3 
040 |a DLC  |c DLC  |d TXA  |d UtOrBLW 
049 |a TXAM  |c [985496] 
050 0 0 |a TH6122  |b .N5 1982 
082 0 |a 696/.1  |2 19 
100 1 |a Nielsen, Louis S. 
245 1 0 |a Standard plumbing engineering design /  |c Louis S. Nielsen. 
250 |a 2nd ed. 
264 1 |a New York :  |b McGraw-Hill,  |c [1982] 
264 4 |c ©1982 
300 |a xiv, 418 pages :  |b illustrations ;  |c 24 cm. 
336 |a text  |b txt  |2 rdacontent 
337 |a unmediated  |b n  |2 rdamedia 
338 |a volume  |b nc  |2 rdacarrier 
500 |a Includes index. 
650 0 |a Plumbing. 
999 |a MARS 
999 f f |s c25f8ae2-8a37-3bbc-a24c-ec2762337100  |i aeda6efc-b3de-3712-886a-9caf9a5227fd  |t 0 
952 f f |p normal  |a Texas A&M University  |b College Station  |c Sterling C. Evans Library  |d Evans: Library Stacks  |t 0  |e TH6122 .N5 1982  |h Library of Congress classification  |i unmediated -- volume  |m A14806247801 
998 f f |a TH6122 .N5 1982  |t 0  |l Evans: Library Stacks